LEADER 01669nam0 22003731i 450 001 UON00471678 005 20231205105208.315 100 $a20161117f1980 |0itac50 ba 101 $aeng 102 $aSY 105 $a|||| 1|||| 200 1 $aˆA ‰concise guide to the National Museum of Damascus$fby M. Abu-l-Faraj Al-Ush, Adnan Joundi, Bachir Zouhdi$gtranslated by Muhammad Khalifa 210 $a[Damascus]$cGeneral Directorate of Antiquities and Museums$d[1980] 215 $a255 p., [88] p. di tav.$cill.$d23 cm 312 $aTit. orig.$9UON00471690 500 0$3UON00471690$aMathaf al-Watan? bi-Dimashq$91852317 606 $aSIRIA$xMATHAF DIMASHQ$xGuide$3UONC090570$2FI 620 $aSY$dDimashq$3UONL005303 686 $aARA IX L$cPAESI ARABI - ARTI - ESPOSIZIONI$2A 702 1$aJOUNDI$bAdnan$3UONV233206 702 1$aKHALIFA$bMuhammad$3UONV233222 702 1$aˆAl-‰'USH$bAbû-l-Faraj$3UONV233220 702 1$aZUHDI$bBash?r$3UONV233207 710 02$aMat?af Dimashq$cDamasco$3UONV232216$0720399 712 $aGeneral Directorate of Antiquities and Museums$3UONV282281$4650 790 0$aMUSEE NATIONAL de DAMAS$yMat?af Dimashq $3UONV040881 790 1$aJUNDI, 'Adn?n$yJOUNDI, Adnan$3UONV233221 790 1$aZOUHDI, Bachir$zZUHDI, Bash?r$3UONV233208 801 $aIT$bSOL$c20240220$gRICA 899 $aSIBA - SISTEMA BIBLIOTECARIO DI ATENEO$2UONSI 912 $aUON00471678 950 $aSIBA - SISTEMA BIBLIOTECARIO DI ATENEO$dSI ARA IX L 048 $eSI 20372 7 048 996 $aMathaf al-Watan? bi-Dimashq$91852317 997 $aUNIOR